banner koha

Secretaria Especial de Aquicultura e Pesca: projeto político (Registro n. 260194)

MARC details
000 -LÍDER
Campo de controle fixo 01116nam a22003857a 4500
001 - NÚMERO DE CONTROLE
Número de controle BR2023002303
003 - CÓDIGO MARC DA AGÊNCIA CATALOGADORA
Campo de controle BR-BrBNA
005 - DATA E HORA DA ÚLTIMA ATUALIZAÇÃO
Campo de controle 20240105095003.0
008 - CAMPO DE TAMANHO FIXO
Campo fixo de controle 240105b bl.||||| |||| 00| 0 por d
040 ## - FONTE DA CATALOGAÇÃO
Agência catalogadora BR-BrBNA
Idioma da catalogação por
041 ## - CÓDIGO DO IDIOMA
Código do Idioma por
072 ## - CATEGORIA AGRIS
Código da categoria de assunto/objeto <a href="E14 ; M11 ; P01">E14 ; M11 ; P01</a>
090 ## - NÚMERO DE CHAMADA
Localização na estante E14 BR2023002303
100 ## - ENTRADA PRINCIPAL - NOME PESSOAL
Nome pessoal Alves, Sandra Luiz (ed.)
100 ## - ENTRADA PRINCIPAL - NOME PESSOAL
Nome pessoal Thizen, Thelma Pessoa (ed.)
100 ## - ENTRADA PRINCIPAL - NOME PESSOAL
Nome pessoal Torres, Rodrigo Diniz (ed.)
110 1# - ENTRADA PRINCIPAL - ENTIDADE
9 (RLIN) 9129
Nome da entidade ou lugar Secretaria Especial de Aquicultura e Pesca da Presidência da República, Brasília, DF (Brasil)
245 ## - TÍTULO PRINCIPAL
Título principal Secretaria Especial de Aquicultura e Pesca: projeto político
260 ## - IMPRENTA (PUBLICAÇÃO, DISTRIBUIÇÃO, ETC.)
Lugar de publicação, distribuição, etc. Brasília, DF (Brasil)
Data de publicação, distribuição, etc 2003
300 ## - DESCRIÇÃO FÍSICA
Extensão 24 p.
500 ## - NOTA GERAL
Notas gerais 11 tables
650 ## - ASSUNTO - THESAGRO
Cabeçalho tópico ou nome geográfico AQUICULTURA
650 ## - ASSUNTO - THESAGRO
Cabeçalho tópico ou nome geográfico PESCA
650 ## - ASSUNTO - THESAGRO
Cabeçalho tópico ou nome geográfico PRODUÇÃO PESQUEIRA
650 ## - ASSUNTO - THESAGRO
Cabeçalho tópico ou nome geográfico RECURSO PESQUEIRO
650 ## - ASSUNTO - THESAGRO
Cabeçalho tópico ou nome geográfico PESCADOR
650 ## - ASSUNTO - THESAGRO
Cabeçalho tópico ou nome geográfico COMUNIDADE PESQUEIRA
650 ## - ASSUNTO - THESAGRO
Cabeçalho tópico ou nome geográfico SUSTENTABILIDADE
650 ## - ASSUNTO - THESAGRO
Cabeçalho tópico ou nome geográfico PESQUISA
650 ## - ASSUNTO - THESAGRO
Cabeçalho tópico ou nome geográfico TECNOLOGIA
650 ## - ASSUNTO - THESAGRO
Cabeçalho tópico ou nome geográfico PROJETO PESQUEIRO
650 ## - ASSUNTO - THESAGRO
Cabeçalho tópico ou nome geográfico PROJETO DE DESENVOLVIMENTO
909 ## - IDENTIFICAÇÃO DO CATALOGADOR
Ano e mês da catalogação (aaaamm) 202401
Identificação do catalogador Fernando
942 ## - TIPO ESPECÍFICO
Tipo de material Livros
952 ## - LOCATION AND ITEM INFORMATION (KOHA)
-- 2024-01-05
Exemplares
Status de empréstimo Fonte de classificação Status de danificação Não pode ser emprestado Código da coleção Localização permanente Localização atual Localização na estante Total Checkouts Número de chamada Código de barras Tipo de material
  Classificação AGRIS     Agrobase Biblioteca Nacional de Agricultura - Binagri Biblioteca Nacional de Agricultura - Binagri Normas Jurídicas Agrícolas   E14 BR2023002303 2024-0007 Livros

BINAGRI

Telefone: (61)3218-2567/2388/3357/2097 - binagri@agro.gov.br

Ministério da Agricultura e Pecuária , Esplanada dos Ministérios, Bloco D, Anexo B, Brasília/DF, CEP: 70.043-900